<?xml version="1.0" encoding="UTF-8"?>
<record
    xmlns:xsi="http://www.w3.org/2001/XMLSchema-instance"
    xsi:schemaLocation="http://www.loc.gov/MARC21/slim http://www.loc.gov/standards/marcxml/schema/MARC21slim.xsd"
    xmlns="http://www.loc.gov/MARC21/slim">

  <leader>03252nam a2200553Ia 4500</leader>
  <controlfield tag="001">1682</controlfield>
  <controlfield tag="008">241029s9999    xx            000 0 und d</controlfield>
  <datafield tag="010" ind1=" " ind2=" ">
    <subfield code="a">1572</subfield>
  </datafield>
  <datafield tag="041" ind1=" " ind2=" ">
    <subfield code="a">Espa&#xF1;ol</subfield>
  </datafield>
  <datafield tag="082" ind1=" " ind2=" ">
    <subfield code="a">ST, MA-ES, 0021, FH, 2005</subfield>
  </datafield>
  <datafield tag="245" ind1=" " ind2="0">
    <subfield code="a">T&#xE9;cnicas de expresi&#xF3;n utilizadas por los docentes de la Carrera de Educaci&#xF3;n y su incidencia en la producci&#xF3;n oral de los discentes de la Universidad Tecnol&#xF3;gica de Santiago (UTESA), a&#xF1;o 2004</subfield>
  </datafield>
  <datafield tag="260" ind1=" " ind2=" ">
    <subfield code="a">Santo Domingo</subfield>
  </datafield>
  <datafield tag="300" ind1=" " ind2=" ">
    <subfield code="a">127</subfield>
  </datafield>
  <datafield tag="520" ind1=" " ind2=" ">
    <subfield code="a">1</subfield>
  </datafield>
  <datafield tag="630" ind1=" " ind2=" ">
    <subfield code="a">Docentes</subfield>
  </datafield>
  <datafield tag="630" ind1=" " ind2=" ">
    <subfield code="a">Incidencia</subfield>
  </datafield>
  <datafield tag="630" ind1=" " ind2=" ">
    <subfield code="a">Producci&#xF3;n Oral</subfield>
  </datafield>
  <datafield tag="650" ind1=" " ind2=" ">
    <subfield code="a">Calidad Educativa</subfield>
  </datafield>
  <datafield tag="690" ind1=" " ind2=" ">
    <subfield code="a">Elaborado</subfield>
  </datafield>
  <datafield tag="700" ind1=" " ind2=" ">
    <subfield code="e">asesor</subfield>
    <subfield code="a">Burgos, Rosa Francia</subfield>
  </datafield>
  <datafield tag="700" ind1=" " ind2=" ">
    <subfield code="e">autor</subfield>
    <subfield code="a">Reyes, Jackeline</subfield>
  </datafield>
  <datafield tag="700" ind1=" " ind2=" ">
    <subfield code="e">autor</subfield>
    <subfield code="a">Paulino, Regina Mercedes</subfield>
  </datafield>
  <datafield tag="901" ind1=" " ind2=" ">
    <subfield code="a">{"1":"Reyes","2":"Paulino"}</subfield>
    <subfield code="b">{"1":"Jackeline","2":"Regina Mercedes"}</subfield>
  </datafield>
  <datafield tag="902" ind1=" " ind2=" ">
    <subfield code="a">1</subfield>
  </datafield>
  <datafield tag="903" ind1=" " ind2=" ">
    <subfield code="a">{"1":"Burgos"}</subfield>
    <subfield code="b">{"1":"Rosa Francia"}</subfield>
  </datafield>
  <datafield tag="904" ind1=" " ind2=" ">
    <subfield code="a">Maestr&#xED;a en</subfield>
  </datafield>
  <datafield tag="905" ind1=" " ind2=" ">
    <subfield code="a">Ense&#xF1;anza Superior</subfield>
  </datafield>
  <datafield tag="906" ind1=" " ind2=" ">
    <subfield code="a">2</subfield>
  </datafield>
  <datafield tag="907" ind1=" " ind2=" ">
    <subfield code="a">NO APLICA</subfield>
  </datafield>
  <datafield tag="908" ind1=" " ind2=" ">
    <subfield code="a">NO APLICA</subfield>
  </datafield>
  <datafield tag="909" ind1=" " ind2=" ">
    <subfield code="a">Universidad Aut&#xF3;noma de Santo Domingo (UASD)</subfield>
  </datafield>
  <datafield tag="910" ind1=" " ind2=" ">
    <subfield code="a">NULL</subfield>
    <subfield code="b">NULL</subfield>
  </datafield>
  <datafield tag="911" ind1=" " ind2=" ">
    <subfield code="a">["1"]</subfield>
  </datafield>
  <datafield tag="912" ind1=" " ind2=" ">
    <subfield code="a">NO APLICA</subfield>
  </datafield>
  <datafield tag="913" ind1=" " ind2=" ">
    <subfield code="a">NULL</subfield>
  </datafield>
  <datafield tag="914" ind1=" " ind2=" ">
    <subfield code="a">01 de Julio de 2005</subfield>
  </datafield>
  <datafield tag="915" ind1=" " ind2=" ">
    <subfield code="a">18/09/14 10:09</subfield>
  </datafield>
  <datafield tag="916" ind1=" " ind2=" ">
    <subfield code="a">NULL</subfield>
  </datafield>
  <datafield tag="917" ind1=" " ind2=" ">
    <subfield code="a">NULL</subfield>
  </datafield>
  <datafield tag="918" ind1=" " ind2=" ">
    <subfield code="a">Educaci&#xF3;n para adultos</subfield>
  </datafield>
  <datafield tag="919" ind1=" " ind2=" ">
    <subfield code="a">["70","209","167"]</subfield>
  </datafield>
  <datafield tag="520" ind1=" " ind2=" ">
    <subfield code="a">El prop&#xF3;sito principal del estudio radic&#xF3; en determinar las t&#xE9;cnicas de expresi&#xF3;n utilizadas por los/as docentes de la carrera de Educaci&#xF3;n y, adem&#xE1;s, indicar las incidencias que estas t&#xE9;cnicas tienen en la producci&#xF3;n oral de los discentes de la Universidad Tecnol&#xF3;gica de Santiago (UTESA), A&#xF1;o 2004. Para su realizaci&#xF3;n, el mismo utiliz&#xF3; un dise&#xF1;o no experimental-descriptivo, donde se determinaron las t&#xE9;cnicas de expresi&#xF3;n utilizadas por los/as docentes.El universo objeto estuvo compuesto por docentes y discentes de la carrera, durante el ciclo acad&#xE9;mico 1-2004 y cont&#xF3; con 411 discentes y 39 docentes. La muestra empleada fue de 12 profesores y 89 alumnos.Como parte de sus conclusiones se resalta que se pudo comprobar que los/as docentes est&#xE1;n a la vanguardia con los nuevos tiempos en cuanto a la realizaci&#xF3;n de cursos de actualizaci&#xF3;n, entre los que se destacaron los nuevos enfoques pedag&#xF3;gicos, la pedagog&#xED;a universitaria y el manejo de las t&#xE9;cnicas de expresi&#xF3;n. De acuerdo con los datos obtenidos se confirma que se valora la expresi&#xF3;n oral a trav&#xE9;s de las cr&#xED;ticas constructivas, del argumento, hablando bien y con las improvisaciones, dando mayor relevancia a las argumentaciones y al hablar bien.La investigaci&#xF3;n sugiere que tanto el departamento acad&#xE9;mico como los/as docentes orienten la participaci&#xF3;n del estudiante al realizar exposiciones, argumentaciones, discusiones, entre otras t&#xE9;cnicas que ayuden a su crecimiento personal e intelectual, as&#xED; como que el Departamento de Educaci&#xF3;n Continuada implemente talleres o cursos que orienten al estudiante sobre c&#xF3;mo hablar en p&#xFA;blico y qu&#xE9; hacer para controlar los temores al estar frente a un auditorio.</subfield>
  </datafield>
  <datafield tag="921" ind1=" " ind2=" ">
    <subfield code="a">16</subfield>
  </datafield>
  <datafield tag="922" ind1=" " ind2=" ">
    <subfield code="a">16</subfield>
  </datafield>
  <datafield tag="923" ind1=" " ind2=" ">
    <subfield code="a">0</subfield>
  </datafield>
  <datafield tag="924" ind1=" " ind2=" ">
    <subfield code="a">NO APLICA</subfield>
  </datafield>
  <datafield tag="942" ind1=" " ind2=" ">
    <subfield code="c">Tesis</subfield>
  </datafield>
  <datafield tag="999" ind1=" " ind2=" ">
    <subfield code="c">1572</subfield>
    <subfield code="d">1572</subfield>
  </datafield>
</record>
